000 00294nam a2200097Ia 4500
082 _a940.416 FODE
245 0 _aMimi and Toutou go forth : the bizarre battle of Lake Tanganyika
100 _a FODEN, Giles London, 2004
_974994
942 _cBK
008 210817s9999 xx 000 0 und d
999 _c247585
_d247584